Lucky letter elimination 1 - Statistics

General Stats
  • This quiz has been taken 1,661 times
  • The average score is 25 of 26
Answer Stats
Number of answers Answer % Correct
26 A/B/C/D/E/F/G/H/I/J/K/L/M/N/O/P/Q/R/S/T/U/V/W/X/Y/Z
100%
25 A/C/D/E/F/G/H/I/J/K/L/M/N/O/P/Q/R/S/T/U/V/W/X/Y/Z
99%
24 A/C/D/E/F/G/H/I/K/L/M/N/O/P/Q/R/S/T/U/V/W/X/Y/Z
99%
23 A/C/D/E/F/G/H/I/K/L/M/N/O/P/Q/S/T/U/V/W/X/Y/Z
99%
22 C/D/E/F/G/H/I/K/L/M/N/O/P/Q/S/T/U/V/W/X/Y/Z
99%
21 C/D/E/F/G/H/I/K/L/M/N/O/P/Q/S/T/U/V/W/X/Z
98%
20 C/D/E/F/G/H/I/K/L/M/N/O/Q/S/T/U/V/W/X/Z
98%
19 C/D/E/F/G/H/I/K/L/M/N/O/Q/S/T/U/V/W/X
97%
18 C/D/E/G/H/I//K/L/M/N/O/Q/S/T/U/V/W/X
97%
17 C/D/E/G/H/I/K/L/M/O/Q/S/T/U/V/W/X
97%
16 C/D/E/H/I/K/L/M/O/Q/S/T/U/V/W/X
97%
15 C/D/E/H/I/K/L/M/O/Q/S/U/V/W/X
97%
14 C/D/E/H/I/K/L/M/O/Q/S/U/V/X
97%
13 C/D/E/H/K/L/M/O/Q/S/U/V/X
97%
12 C/D/E/H/K/L/M/O/Q/S/U/V
96%
11 C/E/H/K/L/M/O/Q/S/U/V
96%
10 C/E/H/K/L/M/O/Q/S/V
95%
9 C/E/H/K/M/O/Q/S/V
94%
8 C/E/H/K/M/O/S/V
94%
7 C/E/K/M/O/S/V
94%
6 E/K/M/O/S/V
93%
5 E/K/M/O/S
92%
4 E/M/O/S
92%
3 E/M/S
91%
2 M/S
90%
1 S
88%
No matching quizzes found
Score Distribution
Percent of People with Each Score
Percentile by Number Answered
Your Score History
You have not taken this quiz